Akadémia správy SAV

Na minha lista:
Detalhes bibliográficos
Formato: Periódico
Idioma:eslovaco
Publicado em: Bratislava VEDA, vydavateľstvo SAV 2021
Tags: Adicionar Tag
Sem tags, seja o primeiro a adicionar uma tag!

MARC

LEADER 00000nas2a2200000 4500
001 0280600
005 20220104103405.1
022 |a 0139-6307 
041 0 |a slo 
044 |a SK 
245 1 0 |a Akadémia  |b správy SAV 
264 1 |a Bratislava  |b VEDA, vydavateľstvo SAV  |c 2021 
773 0 |w eu_un_cat*s123909